000 01170ngm a22003130a 4500
001 PT15555
003 AR-LpoUNG
005 20210202000200.0
007 vd cvaizq
008 191001s1953||||ag |||||||||||||||||fre d
037 _c$6.60
040 _aAR-LpoUNG
_bspa
_cAR-LpoUNG
_eaacr
041 _afre
_aspa
044 _aag
082 0 _a302.3 647sal
100 1 _aClouzot, Henri-George
_edir.
245 1 3 _aEl salario del miedo
260 _aBuenos Aires :
_bEpoca,
_c1953.
300 _aVHS (142 min.) : son., byn
505 0 _aHecha en 1953 en Francia. Guión: Jérôme Geromini sobre la novela de George Arnaud. Fotografía: Armand Thirard. Protagonistas: Ives Montand y Charles Vanel. Música: George Auric. Dialogos en francés, subtítulos en castellano.
520 _aUna compañía petrolífera ubicada en plena selva sudamericana contrata a cuatro hombres para un peligroso transporte de nitroglicerina. La tensión entre los hombres estalla durante el viaje.
650 4 _aINDUSTRIA PETROLERA
650 4 _aTRANSPORTE
650 4 _aTRANSPORTISTAS
651 4 _aAmérica Latina
653 _aVIDEOS
905 _a15555
942 _cVIDEO
999 _c54282
_d54282